|
|
|
|
| LEADER |
00000nam0a2200000 4500 |
| 001 |
192760 |
| 005 |
20231031181454.0 |
| 020 |
|
|
|a RU
|b 90-38787
|
| 035 |
|
|
|a (RuTPU)RU\TPU\book\210187
|
| 090 |
|
|
|a 192760
|
| 100 |
|
|
|a 20110309d1990 m a0rusy5003 ca
|
| 101 |
0 |
|
|a rus
|
| 102 |
|
|
|a RU
|
| 105 |
|
|
|a y z 000zy
|
| 200 |
1 |
|
|a Norton Commander, и Norton Integrator
|e программные средства
|f А. В. Белов
|
| 210 |
|
|
|a Москва
|c Научно-производственный кооператив "И.В.К"
|d 1990
|
| 215 |
|
|
|a 26 с.
|d 20 см
|
| 225 |
1 |
|
|a Советы начинающему пользователю
|
| 333 |
|
|
|a Исключено из фонда НТБ ТПУ
|
| 700 |
|
1 |
|a Белов
|b А. В.
|4 070
|
| 801 |
|
0 |
|a RU
|b RuMRKP
|c 19950417
|g psbo
|
| 801 |
|
1 |
|a RU
|b 63413507
|c 20110309
|
| 801 |
|
2 |
|a RU
|b 63413507
|c 20170120
|g RCR
|
| 942 |
|
|
|c BK
|